International GAAP 2019 Generally Accepted Accounting Practice under International Financial Reporting Standards
Guardado en:
| Autor principal: | |
|---|---|
| Otros Autores: | |
| Formato: | Libro |
| Lenguaje: | inglés |
| Publicado: |
Chichester
Wiley
2019
|
| Edición: | 1st Edition |
| Colección: | EY Building a Better Working World
|
| Materias: | |
| Etiquetas: |
Sin Etiquetas, Sea el primero en etiquetar este registro!
|
MARC
| LEADER | 00000nam a2200000 4500 | ||
|---|---|---|---|
| 001 | 0250846 | ||
| 005 | 20240221120039.7 | ||
| 020 | |a 978-1-119-55776-0 | ||
| 041 | 0 | |a eng | |
| 044 | |a GB | ||
| 245 | 1 | 0 | |a International GAAP 2019 |b Generally Accepted Accounting Practice under International Financial Reporting Standards |c Jeremy Barnes, Martin Beyersdorff ... [et al.] ; EY International Financial Reporting Group |
| 250 | |a 1st Edition | ||
| 264 | 1 | |a Chichester |b Wiley |c 2019 | |
| 300 | |a s. (3401-4614) + 205 s. | ||
| 490 | 1 | |a EY Building a Better Working World | |
| 830 | 0 | |a EY Building a Better Working World | |
| 610 | 2 | 0 | |a účtovníctvo |
| 610 | 2 | 0 | |a výkazníctvo finančné |
| 610 | 2 | 0 | |a výkazníctvo účtovné |
| 610 | 2 | 0 | |a výkazy účtovné konsolidované |
| 610 | 2 | 0 | |a podnik |
| 610 | 2 | 0 | |a kontrola |
| 610 | 2 | 0 | |a joint ventures |
| 610 | 2 | 0 | |a devízy |
| 610 | 2 | 0 | |a inflácia |
| 610 | 2 | 0 | |a aktíva |
| 610 | 2 | 0 | |a vlastníctvo |
| 610 | 2 | 0 | |a závody |
| 610 | 2 | 0 | |a zariadenia výrobné |
| 610 | 2 | 0 | |a investície |
| 610 | 2 | 0 | |a náklady |
| 610 | 2 | 0 | |a kapitalizácia |
| 610 | 2 | 0 | |a štandardy účtovné medzinárodné |
| 610 | 2 | 0 | |a IFRS |
| 100 | 1 | |a Barnes, Jeremy | |
| 700 | 1 | |a Beyersdorff, Martin | |